000 00632 a2200241 4500
260 _aWageningen
100 _aBIEMOND, Henk
260 _bLandbouw Unviversiteit
300 _a171 p.
245 _aNitrogen nutrition effects on development, growth and nitrogen accumulation of vegetables
650 _aPatate
650 _aSolanum tuberosum
650 _aTeneur en matière sèche
650 _aFixation de la'azote
650 _aTeneur en azote
650 _aAnatomie végétale
300 _bcouv ill. ill.; 24 cm
260 _c1995
130 _lEn
020 _a90-5485-428-6
999 _c27866
_d27866